| 000 | 01183cam a22003375a 4500 | ||
|---|---|---|---|
| 001 | 194302 | ||
| 003 | OSt | ||
| 005 | 20260305114705.0 | ||
| 008 | 981113s1998 ii a 000 1 eng | ||
| 010 | _a 98908651 | ||
| 020 | _a9780140276596 | ||
| 020 | _a0140276599 | ||
| 025 | _aI-E-98-908651; 25 | ||
| 037 |
_bLibrary of Congress -- New Delhi Field Office _cRs295.00 |
||
| 040 |
_aDLC _cDLC _dDLC |
||
| 041 | 1 |
_aeng _hmal |
|
| 042 | _alcode | ||
| 050 | 0 | 0 |
_aPL4718.9.V32 _bD46 1998 |
| 082 |
_a894.812371 _bNAI/D |
||
| 100 | 1 |
_aVāsudēvan Nāyar, Eṃ. Ti., _d1933- _99426 |
|
| 245 | 1 | 4 |
_aThe demon seed and other writings / _cM.T. Vasudevan Nair ; translated by V. Abdulla and Gita Krishnankutty. |
| 260 |
_aNew Delhi ; _aNew York. N.Y. : _bPenguin Books, _c1998. |
||
| 300 |
_axiv, 470 p. : _bill. ; _c21 cm. |
||
| 500 | _aFiction. | ||
| 600 | 1 | 0 |
_aVāsudēvan Nāyar, Eṃ. Ti., _d1933- _vTranslations into English. |
| 700 | 1 | _aAbdulla, V. | |
| 700 | 1 |
_aKrishnankutty, Gita, _d1935- |
|
| 906 |
_a7 _bibc _corigode _d3 _encip _f19 _gy-gencatlg |
||
| 942 |
_2ddc _cBK _h894.812371 _iNAI/D _k894.812371 _mNAI/D |
||
| 999 |
_c42127 _d42127 |
||